000 01029nam2a22002531 4500
001 rc\697357
005 20250621232947.0
035 _a(NLR Aleph) 005977067
090 _a6989591
_c6989591
100 _a20031121d1985 |||y0rusy50 ca
101 0 _arus
102 _aRU
105 _aa |||||||||
200 0 _aЧ. 2
210 _d1985
_aБ. м.
215 _a46 с.
_cил.
300 _aОбщ. загл. ч. 1: Тексты лекций по курсу "Изыскание лесовозочных дорог"
320 _aБиблиогр.: с. 46
461 0 _1001rc\1188826
_12001#$aТексты лекций по курсу "Изыскание лесовозных дорог"$vЧ. 2
_1700#1$aЛыщик$bП.А.$gПетр Алексеевич
_96958586
_aЛыщик, П.А.
_cМинск
_d1984
_nБТИ
_tТексты лекций по курсу "Изыскание лесовозных дорог"
_vЧ. 2
801 0 _aRU
_bNLR
_gpsbo
801 1 _aRU
_bELAR
_2rusmarc
852 _aNLR
_j85-4/14984
942 _cBOOK
980 _aNB